|
|
|
|
| LEADER |
00000naa0a2200000 4500 |
| 001 |
657858 |
| 005 |
20250624161303.0 |
| 035 |
|
|
|a (RuTPU)RU\TPU\network\24675
|
| 035 |
|
|
|a RU\TPU\network\24672
|
| 090 |
|
|
|a 657858
|
| 100 |
|
|
|a 20180327d2017 k y0rusy50 ca
|
| 101 |
0 |
|
|a rus
|
| 102 |
|
|
|a RU
|
| 135 |
|
|
|a drcn ---uucaa
|
| 181 |
|
0 |
|a i
|
| 182 |
|
0 |
|a b
|
| 200 |
1 |
|
|a Поведенческая экономика в коворкинг-пространстве
|f Л. И. Власова [и др.]
|
| 203 |
|
|
|a Текст
|c электронный
|
| 225 |
1 |
|
|a Бенчмаркетинг научно-технических, медицинских библиотек – идеи для новой модели
|
| 300 |
|
|
|a Заглавие с экрана
|
| 463 |
|
|
|t Собери новую библиотеку
|o Стратегическая сессия библиотек университетов России, г. Томск , 27-28 июня 2017 г.
|o презентации
|v [46 слайдов]
|d 2017
|
| 610 |
1 |
|
|a электронный ресурс
|
| 610 |
1 |
|
|a труды учёных ТПУ
|
| 610 |
1 |
|
|a библиотеки
|
| 610 |
1 |
|
|a университетские библиотеки
|
| 610 |
1 |
|
|a оптимизация
|
| 610 |
1 |
|
|a маркетинг
|
| 610 |
1 |
|
|a продвижение
|
| 610 |
1 |
|
|a услуги
|
| 610 |
1 |
|
|a поведенческая экономика
|
| 610 |
1 |
|
|a мероприятия
|
| 610 |
1 |
|
|a квесты
|
| 610 |
1 |
|
|a социальные сети
|
| 701 |
|
1 |
|a Власова
|b Л. И.
|c заведующая отделом библиотечного маркетинга НТБ Томского политехнического университета
|f 1959-
|g Людмила Ивановна
|3 (RuTPU)RU\TPU\pers\24729
|
| 701 |
|
1 |
|a Тарасова
|b М. Н.
|c заведующая отделом читальных залов НТБ Томского политехнического университета
|f 1962-
|g Марина Николаевна
|3 (RuTPU)RU\TPU\pers\34203
|
| 701 |
|
1 |
|a Калинникова
|b Ю. П.
|c начальник отдела редких книг и книжных памятников НТБ
|f 1976-
|g Юлия Павловна
|3 (RuTPU)RU\TPU\pers\40458
|
| 701 |
|
1 |
|a Гребенщикова
|b Л. В.
|c библиотекарь отдела социокультурных коммуникаций НТБ
|f 1976-
|g Любовь Владимировна
|3 (RuTPU)RU\TPU\pers\40439
|
| 712 |
0 |
2 |
|a Томский политехнический университет (ТПУ)
|b Научно-техническая библиотека (НТБ)
|3 (RuTPU)RU\TPU\col\15103
|
| 801 |
|
2 |
|a RU
|b 63413507
|c 20180327
|g RCR
|
| 850 |
|
|
|a 63413507
|
| 856 |
4 |
|
|u http://www.lib.tsu.ru/sites/default/files/povedencheskaya_ekonomika.pdf
|
| 942 |
|
|
|c CF
|